000 00887cam a22002771 4500
001 29860
003 BD-RjUL
005 20211209051455.0
008 140407s1956 enk 000 0 eng
035 _a(BD-RjUL)29945
035 _a(OCoLC)1414077
040 _aDLC
_cGU
_dOCoLC
_dUk
_dDLC
_beng
041 1 _aengfre
082 _a370.1
_bROE 1956
100 1 _aRousseau, Jean-Jacques,
_d1712-1778.
_990854
245 1 0 _aÉmile for today :
_bthe Émile of Jean Jacques Rousseau /
_cselected, translated, and interpreted by William Boyd.
260 _aLondon :
_bHeinemann,
_c1956
300 _avi, 198 p. ;
_c20 cm.
490 0 _aThe Heinemann education series
650 0 _aEducation
_vEarly works to 1800.
_967501
700 1 _aBoyd, William,
_d1874-1962.
_990855
740 0 _aÉmile of Jean Jacques Rousseau.
942 _2ddc
_cBK
999 _c29860
_d29860